| 000 | 00467nam a2200157Ia 4500 | ||
|---|---|---|---|
| 999 |
_c15118 _d15118 |
||
| 082 | _aTS.0863 | ||
| 100 | _aSharma, Savita | ||
| 245 | 0 | _aImpact of infrastructure in inter-state variations in economic development in India | |
| 260 |
_c1996 _bKurukshetra Universiy |
||
| 300 | _a167p. | ||
| 650 | _aINFRASTRUCTURE (ECONOMICS) - INDIA | ||
| 650 | _aINDIA - ECONOMIC CONDITIONS | ||
| 650 | _aECONOMIC DEVELOPMENT - INDIA | ||
| 710 | _aJain, T.L. | ||
| 942 |
_cTH _2ddc |
||